Music Quiz

Random Music or Song Quiz

New Jersey Musicians Quiz Stats

 Plays Quiz not verified by Sporcle

Challenge
Share
Tweet
Embed
Score 0/15 Timer 07:00
0 Plays Today
Songs Group or Musician % Correct
Livin on a Prayer, Always, Wanted Dead or AliveBon Jovi
98%
Born in the USA, Hungry Heart, Glory DaysBruce Springsteen
92.1%
My Way, New York New York, The Way You Look TonightFrank Sinatra
87.1%
I Will Always Love You, I Wanna Dance With Somebody, Heartbreak HotelWhitney Houston
69.9%
Heart of Glass, One Way or Another, Call MeBlondie
59.3%
Smack That, Locked Up, Right NowAkon
45.4%
Ready or Not, Killin Me SoftlyThe Fugees
44.4%
Sherry, Big Girls Don't Cry, Candy GirlThe Four Seasons
41.4%
Songs Group or Musician % Correct
Helena, I'm Not Okay (I Promise), The Ghost of YouMy Chemical Romance
40.7%
Celebration, Get Down On It, JoannaKool and the Gang
24.2%
I Say a Little Prayer, Walk on By, I'll Never Fall in Love AgainDione Warwick
18.5%
Pump it Up/Fire/FocusJoe Budden
11.6%
Who's Sorry Now, Fallin, Where the Boys AreConnie Francis
6.3%
I Gotta Go, Can't Help But Wait, Last TimeTrey Songz
3.3%
The Lucky Old Sun, Make Believe, I'm Crazy to Love YouSarah Vaughan
0.7%

You're not logged in!

Compare scores with friends on all Sporcle quizzes.
OR
Log In

You Might Also Like...

Show Comments

Extras

Top Quizzes Today


Score Distribution

Your Account Isn't Verified!

In order to create a playlist on Sporcle, you need to verify the email address you used during registration. Go to your Sporcle Settings to finish the process.

Report this User

Report this user for behavior that violates our Community Guidelines.

Details: